00619nam a2200169 a 450000500170000000800410001702000180005805000270007624500590010326000490016230000100021144000350022150000160025665000410027299900190031395201170033220140412111304.0010328s19uu xx 00 eng d a962-00-1108-2 aTR(GS 420.7bGo63 1985 aGogo's adventures with english, bk.5 :bactivity book. aHong Kong :bLongman Asia Multimedia,c1995. a36 p. aGogo's Adventures with English aw/ VHS tape aEnglish languagexStudy and teaching c103607d103607 001040aELbELcTRd2001-03-28eLib. Fundl0oTR(GS 420.7 Go63 1985pE5440r2014-04-12 00:00:00w2014-04-12yBK